Words on The One Ring - Statistics

General Stats
  • This quiz has been taken 39 times
  • The average score is 11 of 22
Answer Stats
Language Word % Correct
English One
97%
English the
97%
English ring
94%
English all
91%
English rule
89%
English them
89%
English to
89%
English bind
71%
English darkness
71%
English in
69%
English And
66%
English find
66%
English bring
46%
Black Speech nazg
17%
Black Speech Ash
14%
Black Speech gimbatul
14%
Black Speech durbatulûk
11%
Black Speech agh
9%
Black Speech burzum
6%
Black Speech ishi
6%
Black Speech thrakatulûk
6%
Black Speech krimpatul
3%
No matching quizzes found
Score Distribution
Percent of People with Each Score
Percentile by Number Answered
Your Score History
You have not taken this quiz